000 00544nam a2200181Ia 4500
003 OSt
005 20200820125434.0
008 190216s9999||||xx |||||||||||||| ||und||
040 _coclc
082 _a541.2
_bRAJ/G
100 _aRaj, Gurdeep
_94139
245 0 _aGroup Theory And Symmetry In Chemistry /
_cGurdeep Raj ; Ajay K Bhagi ; Vinod K Jain
250 _a2nd Ed.
260 _bKrishna Prakashan Media,
_c2003.
_aMeerut:
300 _a300p
650 _aChemistry
942 _cBK
_2ddc
_h541.2
_iRAJ/G
_k541.2
_mRAJ/G
999 _c3140
_d3140